00285nam a22000977a 4500008004100000082001600041100000800057245008600065260002800151300000800179230621b xxu||||| |||| 00| 0 eng d a328.16bRSA cRSA aProcedural Developments in the National AssemblybFifth Session-Second Parliament aSouth AfricabRSAc2003 a13p